书目信息 |
| 题名: |
小公子时装
|
|
| 作者: | 张兵 | |
| 分册: | ||
| 出版信息: | 辽宁民族出版社 1996. 4 |
|
| 页数: | 79页 | |
| 开本: | 16开 | |
| 丛书名: | ||
| 单 册: | ||
| 中图分类: | TS941.6 | |
| 科图分类: | ||
| 主题词: | 服装工业 | |
| 电子资源: | ||
| ISBN: | 7-80527-589-0 | |
| 000 | 00506nam0 2200193 45 | |
| 001 | 0308271052 | |
| 005 | 20030827105645.1 | |
| 010 | @a7-80527-589-0@dRMB19.80 | |
| 100 | @a20030827d1996 km y0chiy0120 ea | |
| 101 | @achi | |
| 105 | @a z 000yy | |
| 200 | 1 | @a小公子时装@Axiao gong zi shi zhuang@f张兵@Fzhang bing |
| 210 | @c辽宁民族出版社@d1996. 4 | |
| 215 | @a79页@c无图表@d16开 | |
| 606 | 0 | @a服装工业 |
| 690 | @aTS941.6@v3 | |
| 701 | 0 | @a张兵 |
| 801 | @aCN@b@c20030827 | |
| 905 | @aBZT@dTS941.6@e115 | |
| 小公子时装/张兵.-辽宁民族出版社,1996. 4 |
| 79页:无图表;16开 |
| ISBN 7-80527-589-0:RMB19.80 |
| ● |
| 相关链接 |
|
|
|
正题名:小公子时装
索取号:TS941.6/115
 
预约/预借
| 序号 | 登录号 | 条形码 | 馆藏地/架位号 | 状态 | 备注 |
| 1 | 103125 | 200244752 | 中心书库中库/ 中库025架B面5列7层2/ [索取号:TS941.6/115] | 在馆 |